000
00244nam a2200097Ia 4500
005
20251222114416.0
008
251222s1900||||xx |||||||||||||| ||spa||
082
_a
DVD0097 S79/2006
245
0
_a
Vida y obra de Rafaello y Miguel Ángel
942
_c
DVD
999
_c
2244
_d
2244